Our world's story / (Registro nro. 9122)

Detalles MARC
000 -LIDER
fixed length control field 00632nam a22002297a 4500
001 - NÚMERO DE CONTROL
Identificador de número de control 00260
003 - IDENTIFICACDOR DE NÚMERO DE CONTROL
control field DO-SdBNP
005 - DATE AND TIME OF LATEST TRANSACTION
control field 20151215150650.0
008 - ELEMENTOS DE LONGITUD FIJA
fixed length control field 151215b 1997 flu xxu||||| |||| 00| 0 spa d
020 ## - ISBN
International Standard Book Number 0153020431
040 ## - FUENTE DE CATALOGACIÓN
Agencia que crea de manera original el registro BPMSU
Idioma de catalogación spa
Agencia que realiza la transcripción BPMSU
092 ## - LOCALLY ASSIGNED DEWEY DECIMAL CALL NUMBER
Número de clasificación xxxxx
Número de ítem (Cutter) xxxxx
100 1# - ASIENTO PRINCIPAL -- NOMBRE PERSONAL
Nombre personal Boehm, Richard G.
245 10 - MENCIÓN DE TITULO
Título Our world's story /
Mención de responsabilidad series authors, Richard G. Boehm.
260 ## - PUBLICACIÓN, DISTRIBUCIÓN, ETC. (PIE DE IMPRENTA)
Lugar de publicación, distribución, etc Orlando, Fla. :
Nombre del editor, distribuidor, etc. Harcourt Brace & Co.,
Fecha de publicación, distribución, etc 1997.
300 ## - DESCRIPCIÓN FÍSICA
Extensión v. :
Otros detalles físicos il., retrs. ;
Dimensiones 31 cm.
490 1# - MENCIÓN DE SERIES
Mención de serie Stories in time
830 #0 - ASIENTO SECUNDARIO DE SERIE--TÍTULO UNIFORME
Título uniforme Stories in time
910 ## - VALIDACIÓN
Validación 00260
942 ## - ADDED ENTRY ELEMENTS (KOHA)
Source of classification or shelving scheme Dewey Decimal Classification
Koha item type Libros
956 ## - LOCAL ELECTRONIC LOCATION AND ACCESS (OCLC)
Nombre de host Lorenza Pérez
Número de acceso 10
Existencias
Withdrawn status Lost status Source of classification or shelving scheme Damaged status Not for loan Collection code Home library Current library Date acquired Source of acquisition Total Checkouts Barcode Date last seen Price effective from Koha item type
    Dewey Decimal Classification       Biblioteca Pública Metropolitana Salomé Ureña Biblioteca Pública Metropolitana Salomé Ureña 12/15/2015 Donación   BPMSU15120157 12/15/2015 12/15/2015 Libros